Ministry of Commerce Trade and Industry (Record no. 77686)
[ view plain ]
| 000 -LEADER | |
|---|---|
| fixed length control field | 00705nam a2200145 a 4500 |
| 008 - FIXED-LENGTH DATA ELEMENTS--GENERAL INFORMATION | |
| fixed length control field | 100726s2010 ||||||||||||||||| || u |
| 050 ## - LIBRARY OF CONGRESS CALL NUMBER | |
| Classification number | GOV.ZAM(02)2010/12A |
| 110 ## - MAIN ENTRY--CORPORATE NAME | |
| Corporate name or jurisdiction name as entry element | Government of the Republic of Zambia (GRZ) |
| 245 10 - TITLE STATEMENT | |
| Title | Ministry of Commerce Trade and Industry |
| 260 ## - PUBLICATION, DISTRIBUTION, ETC. | |
| Place of publication, distribution, etc. | Lusaka |
| Name of publisher, distributor, etc. | Ministry of Commerce Trade and Industry |
| Date of publication, distribution, etc. | 2010 |
| 300 ## - PHYSICAL DESCRIPTION | |
| Extent | 22p. |
| 350 ## - | |
| -- | 0.00 |
| 995 ## - | |
| -- | SPECIAL COLLECTIONS |
| -- | 0.00 |
| -- | 03006958 |
| -- | CBU-MAIN LIBRARY (Kitwe) |
| -- | 1 |
| -- | 0.00 |
| -- | GOV.ZAM(02)2010/12A |
| -- | 1 |
| -- | AVAILABLE |
| -- | Aug 12, 2010 |
| -- | 03006958 |
| -- | Zambiana Collection |
| 995 ## - | |
| -- | SPECIAL COLLECTIONS |
| -- | 0.00 |
| -- | 03006959 |
| -- | CBU-MAIN LIBRARY (Kitwe) |
| -- | 1 |
| -- | 0.00 |
| -- | GOV.ZAM(02)2010/12B |
| -- | 2 |
| -- | AVAILABLE |
| -- | Aug 12, 2010 |
| -- | 03006959 |
| -- | Zambiana Collection |
| 999 ## - | |
| -- | 77686 |
| -- | 77686 |
| Withdrawn status | Lost status | Source of classification or shelving scheme | Damaged status | Not for loan | Permanent Location | Current Location | Shelving location | Date acquired | Total Checkouts | Full call number | Barcode | Date last seen | Copy number | Price effective from | Koha item type |
|---|---|---|---|---|---|---|---|---|---|---|---|---|---|---|---|
| CBU-MAIN LIBRARY, KITWE. | CBU-MAIN LIBRARY, KITWE. | 05/03/2023 | GOV.ZAM(02)2010/12A | 03006958 | 05/03/2023 | 1 | 05/03/2023 | SPECIAL COLLECTION | |||||||
| CBU-MAIN LIBRARY, KITWE. | CBU-MAIN LIBRARY, KITWE. | 05/03/2023 | GOV.ZAM(02)2010/12B | 03006959 | 05/03/2023 | 2 | 05/03/2023 | SPECIAL COLLECTION |